Termination of the Administered Account for Liberia.

On March 14, 2008 the Fund established the Administered Account for Liberia ('Liberia Administered Account' or LAA) to facilitate fundraising for, and delivery of, debt relief to Liberia with respect to obligations owed to the Fund. Specifically, the account was intended to: (i) receive re...

Fuld beskrivelse

Bibliografiske detaljer
Institution som forfatter: International Monetary Fund
Format: Tidsskrift
Sprog:English
Udgivet: Washington, D.C. : International Monetary Fund, 2013.
Serier:Policy Papers; Policy Paper ; No. 2013/025
Fag:
Online adgang:Full text available on IMF
LEADER 02284cas a2200313 a 4500
001 AALejournalIMF020581
008 230101c9999 xx r poo 0 0eng d
020 |c 5.00 USD 
020 |z 9781498342162 
022 |a 2663-3493 
040 |a BD-DhAAL  |c BD-DhAAL 
110 2 |a International Monetary Fund. 
245 1 0 |a Termination of the Administered Account for Liberia. 
264 1 |a Washington, D.C. :  |b International Monetary Fund,  |c 2013. 
300 |a 1 online resource (7 pages) 
490 1 |a Policy Papers 
500 |a <strong>Off-Campus Access:</strong> No User ID or Password Required 
500 |a <strong>On-Campus Access:</strong> No User ID or Password Required 
506 |a Electronic access restricted to authorized BRAC University faculty, staff and students 
520 3 |a On March 14, 2008 the Fund established the Administered Account for Liberia ('Liberia Administered Account' or LAA) to facilitate fundraising for, and delivery of, debt relief to Liberia with respect to obligations owed to the Fund. Specifically, the account was intended to: (i) receive resources contributed for the financing of the IMF's share of debt relief to Liberia; and (ii) use these resources, as provided for in the Instrument to establish the LAA, to make contributions in the context of debt relief to Liberia under the Heavily Indebted Poor Country (HIPC) Initiative, and to deliver 'beyond-HIPC' debt relief to Liberia (Attachment). As stipulated in the Instrument (paragraph 10(a)), the LAA shall remain in effect for as long as necessary, in the judgment of the Fund, to conduct and wind up the business of the account. Following Liberia's successful achievement of the HIPC completion point in June 2010 and the full delivery of 'beyond-HIPC' debt relief, which exhausted the balances in the account, the LAA can be terminated as it has no pending business. 
538 |a Mode of access: Internet 
650 7 |a Fund  |2 imf 
650 7 |a PP  |2 imf 
650 7 |a SDR Equivalent  |2 imf 
650 7 |a SDR  |2 imf 
650 7 |a Use Of The Resources Of The Account  |2 imf 
651 7 |a Liberia  |2 imf 
830 0 |a Policy Papers; Policy Paper ;  |v No. 2013/025 
856 4 0 |z Full text available on IMF  |u http://elibrary.imf.org/view/journals/007/2013/025/007.2013.issue-025-en.xml  |z IMF e-Library